Sliding mode control applied in mobile robots and autonomous vehicles, trajectory-tracking control problem (Record no. 575717)
[ view plain ]
| 000 -LEADER | |
|---|---|
| fixed length control field | 00579nam a22001817a 4500 |
| 003 - CONTROL NUMBER IDENTIFIER | |
| control field | CEME |
| 005 - DATE AND TIME OF LATEST TRANSACTION | |
| control field | 20210628203950.0 |
| 008 - FIXED-LENGTH DATA ELEMENTS--GENERAL INFORMATION | |
| fixed length control field | 210105b xxu||||| |||| 00| 0 eng d |
| 020 ## - INTERNATIONAL STANDARD BOOK NUMBER | |
| International Standard Book Number | 9783843364522 |
| 040 ## - CATALOGING SOURCE | |
| Transcribing agency | . |
| 082 ## - DEWEY DECIMAL CLASSIFICATION NUMBER | |
| Classification number | 629.892 SOL |
| 100 ## - MAIN ENTRY--PERSONAL NAME | |
| Personal name | Solea, Razvan, Razvan Solea |
| 9 (RLIN) | 68060 |
| 245 ## - TITLE STATEMENT | |
| Title | Sliding mode control applied in mobile robots and autonomous vehicles, trajectory-tracking control problem |
| 260 ## - PUBLICATION, DISTRIBUTION, ETC. | |
| Place of publication, distribution, etc. | USA |
| Name of publisher, distributor, etc. | LAMBERT |
| Date of publication, distribution, etc. | 2010 |
| 300 ## - PHYSICAL DESCRIPTION | |
| Extent | 130P |
| 650 ## - SUBJECT ADDED ENTRY--TOPICAL TERM | |
| Topical term or geographic name entry element | SLIDING MODE CONTROL APPLIED IN MOBILE ROBOTS AND AUTONOMOUS VEHICLES |
| 9 (RLIN) | 68061 |
| 942 ## - ADDED ENTRY ELEMENTS (KOHA) | |
| Koha item type | Book |
| Source of classification or shelving scheme | |
| Withdrawn status | Lost status | Damaged status | Not for loan | Permanent Location | Current Location | Shelving location | Date acquired | Total Checkouts | Full call number | Barcode | Date last seen | Price effective from | Koha item type |
|---|---|---|---|---|---|---|---|---|---|---|---|---|---|
| College of Electrical & Mechanical Engineering (CEME) | College of Electrical & Mechanical Engineering (CEME) | General Stacks | 08/02/2017 | 629.892 SOL | CEME-47151 | 06/28/2021 | 06/28/2021 | Book |
